Educational psychology : (Record no. 5808)

MARC details
000 -LEADER
fixed length control field 00994pam a2200289 a 4500
001 - CONTROL NUMBER
control field 1982289
003 - CONTROL NUMBER IDENTIFIER
control field mut
005 - DATE AND TIME OF LATEST TRANSACTION
control field 20240606081004.0
008 - FIXED-LENGTH DATA ELEMENTS--GENERAL INFORMATION
fixed length control field 890804s1990 nyua b 001 0 eng
010 ## - LIBRARY OF CONGRESS CONTROL NUMBER
LC control number 89038989
020 ## - INTERNATIONAL STANDARD BOOK NUMBER
International Standard Book Number 0070605416
020 ## - INTERNATIONAL STANDARD BOOK NUMBER
International Standard Book Number 0070605424 (instructor's manual)
040 ## - CATALOGING SOURCE
Original cataloging agency DLC
Transcribing agency DLC
Modifying agency DLC
050 00 - LIBRARY OF CONGRESS CALL NUMBER
Classification number LB1051
Item number .S6457 1990
082 00 - DEWEY DECIMAL CLASSIFICATION NUMBER
Classification number 370.15
Edition information 20
100 1# - MAIN ENTRY--PERSONAL NAME
Personal name Sprinthall, Norman A.,
Dates associated with a name 1931-
245 10 - TITLE STATEMENT
Title Educational psychology :
Remainder of title a developmental approach /
250 ## - EDITION STATEMENT
Edition statement 5th ed.
260 ## - PUBLICATION, DISTRIBUTION, ETC.
Place of publication, distribution, etc. New York :
Name of publisher, distributor, etc. McGraw-Hill Pub. Co.,
Date of publication, distribution, etc. c1990.
300 ## - PHYSICAL DESCRIPTION
Extent xix, 668 p. :
Other physical details ill. ;
Dimensions 26 cm.
504 ## - BIBLIOGRAPHY, ETC. NOTE
Bibliography, etc. note Includes bibliographical references.
650 #0 - SUBJECT ADDED ENTRY--TOPICAL TERM
Topical term or geographic name entry element Educational psychology.
700 1# - ADDED ENTRY--PERSONAL NAME
Personal name Sprinthall, Richard C.,
Dates associated with a name 1930-
906 ## - LOCAL DATA ELEMENT F, LDF (RLIN)
a 7
b cbc
c orignew
d 1
e ocip
f 19
g y-gencatlg
942 ## - ADDED ENTRY ELEMENTS (KOHA)
Source of classification or shelving scheme Library of Congress Classification
Koha item type Books
Holdings
Withdrawn status Lost status Source of classification or shelving scheme Damaged status Not for loan Home library Current library Date acquired Total checkouts Full call number Barcode Date last seen Date last checked out Price effective from Koha item type
    Library of Congress Classification     Murang'a University of Technology Library Murang'a University of Technology Library 01/03/2017 2 LB1051 .S6457 1990 006069 30/08/2024 01/10/2019 01/03/2017 Books